Statistics for Pro Wrestling Quiz

Click here to take the quiz!

General Stats

  • This quiz has been taken 36 times
  • The average score is 6 of 15

Answer Stats

QuestionsAnswer% Correct
Which WWE Superstar won the Inaugural Money in the Bank Ladder Match in 2005?Edge
83%
Which Superstar defeated Chris Jericho on February 2020 to win the AEW World Championship?Jon Moxley
83%
Which Superstar enjoyed the longest single reign with the Divas Championship at 301 days?Nikki Bella
72%
In which year, The Reveal Of The Impact Hall Of Fame happened?2012
67%
Who defeated Randy Orton in Backlash 2017 to win the WWE Championship?Jinder Mahal
56%
Which Superstar was the first to win the IWGP US Heavyweight Championship?Kenny Omega
56%
Which WWE Superstar was the first ever Intercontinental Champion in 1979?Pat Patterson
56%
Who was the first ever Impact World Champion?Kurt Angle
39%
Who Did Cody Rhodes Defeat In The First AEW Dynamite Match?Sammy Guevara
17%
Whom did Hiromu Takahashi defeat in Wrestle Kingdom 15 to win the IWGP Junior Heavyweight Championship?Taiji Ishimori
17%
Who did MJF defeat to retain the Dynamite Diamond Ring in 2020?Orange Cassidy
11%
Who defeated Tomohiro Ishii in Wrestle Kingdom 10?Katsuyori Shibata
6%
Who defeated Eric Young at Bound For Glory to win the Impact World Championship?Rich Swann
6%
Who held the CZW World Heavyweight Championship the longest?Drake Younger
0%
Who did Lance Archer defeat in his AEW debut match?Marko Stunt
0%

Score Distribution

Percentile by Number Answered

Percent of People with Each Score

Your Score History

You have not taken this quiz